Rules and syllabus of Irish examinations, with some example papers (Record no. 99730)

MARC details
000 -LEADER
fixed length control field 00729cam a22001935a 4500
001 - CONTROL NUMBER
control field ##J100641
008 - FIXED-LENGTH DATA ELEMENTS--GENERAL INFORMATION
fixed length control field 000000s1897 000 0 eng u
035 ## - SYSTEM CONTROL NUMBER
System control number (Sirsi) u100641
041 0# - LANGUAGE CODE
Language code of text/sound track or separate title eng
050 04 - LIBRARY OF CONGRESS CALL NUMBER
Classification number 333.0062 $2 18
110 2# - MAIN ENTRY--CORPORATE NAME
Corporate name or jurisdiction name as entry element Surveyors' Institution
Subordinate unit Irish Land Agents' Committee
9 (RLIN) 3784
245 00 - TITLE STATEMENT
Title Rules and syllabus of Irish examinations, with some example papers
260 ## - PUBLICATION, DISTRIBUTION, ETC.
Place of publication, distribution, etc. Dublin
Name of publisher, distributor, etc. Irish Land Agents' Committee of the Surveyors' Institution
Date of publication, distribution, etc. 1897
300 ## - PHYSICAL DESCRIPTION
Extent 35p.
Dimensions 21cm.
350 ## - PRICE (NR) (BK AM CF MU VM SE) [OBSOLETE]
Price 1s.
520 ## - SUMMARY, ETC.
Summary, etc. Presents the rules and procedures for preliminary, professional, professional associates and fellowship examinations.
690 ## - LOCAL SUBJECT ADDED ENTRY--TOPICAL TERM (OCLC, RLIN)
Topical term or geographic name as entry element CAREERS, EDUCATION AND TRAINING-QUALIFICATION ROUTES
942 ## - ADDED ENTRY ELEMENTS (KOHA)
Suppress in OPAC 0
Holdings
Withdrawn status Lost status Source of classification or shelving scheme Damaged status Not for loan Home library Current library Shelving location Date acquired Total Checkouts Full call number Barcode Date last seen Copy number Price effective from Koha item type
    Dewey Decimal Classification     Historic collection Historic collection RICS Boxes 21/10/1999   RICS 1897/1 30059280 06/08/2019 1 06/08/2019 Archive